| 000 | 00580nam a2200229Ia 4500 | ||
|---|---|---|---|
| 003 | OSt | ||
| 005 | 20220918193205.0 | ||
| 006 | a|||||r|||| 00| 0 | ||
| 007 | ta | ||
| 008 | 220917b |||||||| |||| 00| 0 eng d | ||
| 024 | _a72,201 | ||
| 037 | _cTextual | ||
| 040 |
_aARTS _cARTS _beng |
||
| 041 |
_2eng _aeng |
||
| 082 | _aR4(Z), M4.1 | ||
| 100 |
_aFeinberg Joel _981196 |
||
| 245 | 0 | _aMoral limits of the criminal law | |
| 260 |
_aNew York _bOUP _c1984 |
||
| 650 | _aETHICS | ||
| 942 |
_hR4(Z), M4.1 _cTEXL _2CC |
||
| 999 |
_c198205 _d198205 |
||